000
00290nam a22001337a 4500
008
171227b xxu||||| |||| 00| 0 eng d
020
_a
9780534581855
041
_a
eng
080
_2
3RD
_a
316
100
_a
50
101
_a
SOC
245
_a
SOCIAL RESEARCH
_c
CORBETT,M
942
_2
udc
_c
BK
999
_c
39486
_d
39486